French Cities with 5 or fewer letters and 75k+ pop. (clues) - Statistics

General Stats
  • This quiz has been taken 81 times
  • The average score is 10 of 14
Answer Stats
Begins with Answer % Correct
Lyon
93%
Nice
89%
P Paris
88%
L Lille
81%
Rouen
75%
D Dijon
73%
B Brest
66%
C Caen
64%
R Reims
63%
T Tours
60%
M Metz
58%
N Nancy
55%
Nimes
51%
Pau
37%
No matching quizzes found
Score Distribution
Percent of People with Each Score
Percentile by Number Answered
Your Score History
You have not taken this quiz